000 00335 a2200157 4500
001 194289
020 _a851610595-2
040 _cMagnum
100 _aNicola, José de
240 1 0 _aAlfabetário
_lpor
245 1 0 _aAlfabetário
300 _a37
362 0 _a2017
697 _aLÍNGUA - LINGÜÍSTICA - LITERATURA
942 _cBK
999 _c194289
_d194289